Le joueur le plus valorisé par club d'Europa League 2025/2026 - Statistiques

Statistiques générales
  • Ce quiz a été pris 15 fois
  • Le résultat moyen est 6 sur 36
Statistiques - réponses
Club Joueur Nationalité % Correct
Olympique Lyonnais Malick Fofana Belge
79%
AS Roma Manu Koné Français
71%
Real Bétis Séville Antony Brésilien
64%
Aston Villa Morgan Rogers Anglais
50%
Nottingham Forest Murillo Brésilien
50%
LOSC Lille Ayyoub Bouaddi Français
43%
Fenerbahçe SK Jhon Durán Colombien
43%
VfB Stuttgart Angelo Stiller Allemand
36%
Celtic Glasgow Daizen Maeda Japonais
21%
OGC Nice Mohamed-Ali Cho Français
21%
FC Porto Samu Aghehowa Espagnol
21%
KRC Genk Konstantinos Karetsas Grec
14%
Rangers Glasgow Nicolas Raskin Belge
14%
Celta Vigo Óscar Mingueza Espagnol
14%
Feyenoord Rotterdam Quinten Timber Néerlandais
14%
SC Braga Roger Fernandes Portugais
14%
FC Midtjylland Franculino Bissau-Guinéen
7%
Young Boys de Berne Alvyn Sanches Suisse
0%
FC Bâle Bénie Traoré Ivoirien
0%
Ludogorets Razgrad Bernard Tekpetey Ghanéen
0%
FC Steaua Bucarest Darius Olaru Roumain
0%
SK Brann Felix Horn Myhre Norvégien
0%
PAOK Salonique Giannis Konstantelias Grec
0%
Malmö FF Hugo Bolin Suédois
0%
Go Ahead Eagles Jakob Breum Danois
0%
RB Salzbourg Joane Gadou Français
0%
Maccabi Tel-Aviv Kristijan Belić Serbe
0%
Ferencvaros TC Mohammed Abu Fani Israélien
0%
SC Freiburg Noah Atubolu Allemand
0%
SK Sturm Graz Otar Kiteishvili Géorgien
0%
FC Viktoria Plzeň Rafiu Durosinmi Nigérian
0%
Bologne FC Santiago Castro Argentin
0%
Dinamo Zagreb Scott McKenna Écossais
0%
FC Utrecht Souffian El Karouani Marocain
0%
Panathinaikos Tetê Brésilien
0%
Etoile Rouge de Belgrade Timi Max Elsnik Slovène
0%
Aucun quiz correspondant
Distribution des résultats
% des personnes avec chaque résultat
Percentile par nombre de réponses
Votre historique - résultats
Vous n’avez pas pris ce quiz